000 00436nam a2200145 i 4500
001 147908
003 ES-MaACL
007 t|
008 071008s1932 sp ||||1| spa d
100 1 _aUsero Torrente, Matías.
_9112298
245 1 0 _aDos ideales opuestos
_b: jesuitismo y masoneria /
_cMatías Usero Torrente.
260 _aValencia :
_b[s.n.],
_c1932 (
_fTip. P. Quiles)
300 _a233 p. ;
_c19 cm.
852 _aES-MaACL
_jB-8881
999 _c147908
_d147908